000 00493nam a2200217Ia 4500
003 0100
008 130303s9999 xx 000 0 und d
020 _a312164009
040 _cARRUPELIB
050 _aHC800.A981998
100 _aAyittey, George
245 _aAfrica in chaos
260 _aNew York
260 _bSt. Martin's Press
260 _C1998
300 _axvi
300 _b 399p. 22cm.
650 _bCatholic church-Liturgy
700 _aGeorge Ayittey
942 0 0 _03
999 _c14607
_d14607